Aprendizaje total
Guardat en:
| Autor principal: | |
|---|---|
| Format: | Llibre |
| Idioma: | espanyol |
| Publicat: |
Barcelona
Robin Book
1997
|
| Col·lecció: | Dinámica Mental
|
| Matèries: | |
| Etiquetes: |
Afegir etiqueta
Sense etiquetes, Sigues el primer a etiquetar aquest registre!
|
MARC
| LEADER | 00000nam a2200000 a 4500 | ||
|---|---|---|---|
| 001 | UCQ0998 | ||
| 003 | CL-VaPUC | ||
| 008 | 980703e19970000SP |||||||||||||||||spa|d | ||
| 082 | 0 | 4 | |a 370.152 |b DRA |2 21 |
| 100 | 0 | |a Drapeau, Christian |e author |9 414490 | |
| 245 | 1 | 0 | |a Aprendizaje total |
| 300 | |a 210 p | ||
| 942 | |c BK | ||
| 945 | |d 19980703 00:00:00 |a aalvarez | ||
| 260 | |a Barcelona |b Robin Book |c 1997 | ||
| 650 | 0 | |a Aprendizaje |9 254827 | |
| 650 | 0 | |a Aspectos psicológicos |9 258128 | |
| 650 | 0 | |a Psicología educacional |9 307830 | |
| 650 | 0 | |a Inteligencia |9 267038 | |
| 650 | 0 | |a Relajación |9 309705 | |
| 583 | |a last modification |c 19980703 00:00:00 |k Rodrigo Vera | ||
| 490 | 0 | |a Dinámica Mental | |
| 999 | |c 272011 |d 272009 | ||
| 952 | |0 0 |1 0 |4 0 |6 370_152000000000000_DRA_1997 |7 0 |8 A |9 306833 |a BIBEDU |b BIBEDU |d 2019-11-20 |i 3440834 |o 370.152 DRA 1997 |p 3440834 |r 2019-11-20 |w 2019-11-20 |y BK |k BME | ||